Sociedad 7 : básica / (Registro nro. 9647)

Detalles MARC
000 -LIDER
fixed length control field 01879nam a2200397 a 4500
001 - NÚMERO DE CONTROL
Identificador de número de control 00167
003 - IDENTIFICACDOR DE NÚMERO DE CONTROL
control field DO-SdBNP
005 - DATE AND TIME OF LATEST TRANSACTION
control field 20180309114851.0
007 - CAMPOS FIJOS DE DESCRIPCIÓN FÍSICA
fixed length control field 00167
008 - ELEMENTOS DE LONGITUD FIJA
fixed length control field 091118s2008 dr 2008 000 0 spa d
020 ## - ISBN
International Standard Book Number 9789945112061 - Guía
020 ## - ISBN
International Standard Book Number 9789945112306 - Cuaderno
040 ## - FUENTE DE CATALOGACIÓN
Agencia que crea de manera original el registro BPMSU
Idioma de catalogación spa
Agencia que realiza la transcripción BPMSU
092 ## - LOCALLY ASSIGNED DEWEY DECIMAL CALL NUMBER
Número de clasificación 372.83
Número de ítem (Cutter) L865s 7mo. 2008
100 1# - ASIENTO PRINCIPAL -- NOMBRE PERSONAL
Término de relación Brea, José
245 00 - MENCIÓN DE TITULO
Título Sociedad 7 : básica /
Mención de responsabilidad José Brea, Fanny Capellán, Henry Ramos Santos; editora Margarita Castro Catrain
260 ## - PUBLICACIÓN, DISTRIBUCIÓN, ETC. (PIE DE IMPRENTA)
Lugar de publicación, distribución, etc Santo Domingo :
Nombre del editor, distribuidor, etc. Santillana,
Fecha de publicación, distribución, etc 2008.
300 ## - DESCRIPCIÓN FÍSICA
Extensión 2 v. :
Otros detalles físicos il., mapas., retrs. ;
Dimensiones 28 cm.
490 1# - MENCIÓN DE SERIES
Mención de serie Coral
500 ## - NOTA GENERAL
Nota general La biblioteca posee guía y cuaderno
505 0# - NOTA DE CONTENIDO
Título Unidad 1 --
-- El antecedente colonial --
-- Unidad 2 --
-- Época de revoluciones --
-- Unidad 3 --
-- Evolución de las Antillas --
-- Unidad 4 --
-- Entre la Colonia y la República --
-- Unidad 5 --
-- La economía del siglo XIX --
-- Unidad 6 --
-- La fundación de la República --
-- Unidad 7 --
-- Anexión y segunda República --
-- Unidad 8 --
-- Independentismo y antillanismo --
-- Unidad 9 --
-- Liberalismo y dictadura --
-- Unidad 10 --
-- La cultura en el siglo XIX --
-- Unidad 11 --
-- Modernización a fines del XIX --
-- Unidad 12 --
-- El espacio en el siglo XIX /
650 #4 - ENCABEZAMIENTO DE MATERIA--TEMÁTICO
Término temático o nombre geográfico como elemento de entrada CIENCIAS SOCIALES
Subdivisión temática general ENSEÑANZA BÁSICA
650 #4 - ENCABEZAMIENTO DE MATERIA--TEMÁTICO
Término temático o nombre geográfico como elemento de entrada CIENCIAS SOCIALES
Subdivisión temática general EDUCACIÓN PRIMARIA
650 #4 - ENCABEZAMIENTO DE MATERIA--TEMÁTICO
Término temático o nombre geográfico como elemento de entrada CIENCIAS SOCIALES
Subdivisión temática general LIBROS DE TEXTOS
650 #4 - ENCABEZAMIENTO DE MATERIA--TEMÁTICO
Término temático o nombre geográfico como elemento de entrada CIENCIAS SOCIALES
Subdivisión temática general ESTUDIOS DE TEXTOS
650 #4 - ENCABEZAMIENTO DE MATERIA--TEMÁTICO
Término temático o nombre geográfico como elemento de entrada EDUCACIÓN PRIMARIA
Subdivisión geográfica REPÚBLICA DOMINICANA
700 12 - ASIENTO SECUNDARIO -- NOMBRE PERSONAL
Nombre personal Capellán, Fanny
700 12 - ASIENTO SECUNDARIO -- NOMBRE PERSONAL
Nombre personal Ramos Santos, Henry
700 1# - ASIENTO SECUNDARIO -- NOMBRE PERSONAL
Nombre personal Castro Catrain, Margarita,
Mención de responsabilidad ed.
830 #0 - ASIENTO SECUNDARIO DE SERIE--TÍTULO UNIFORME
Título uniforme Coral
910 ## - VALIDACIÓN
Validación Validado. Control de calidad MFF
942 ## - ADDED ENTRY ELEMENTS (KOHA)
Source of classification or shelving scheme Dewey Decimal Classification
Koha item type Libros
945 ## - INFORMACIÓN DE PROCESAMIENTO LOCAL
Información de procesamiento local Remanejado para la BNPHU / 2018 VM
956 ## - LOCAL ELECTRONIC LOCATION AND ACCESS (OCLC)
Nombre de host VMATEO
Número de acceso 10
Información de compresión 20150615
Inicio de sesión BPMSU
Procesador de solicitud 00151
956 ## - LOCAL ELECTRONIC LOCATION AND ACCESS (OCLC)
Nombre de host BTAVÁREZ
Número de acceso 10
Información de compresión 20160408
Inicio de sesión 00167
Existencias
Withdrawn status Lost status Source of classification or shelving scheme Damaged status Not for loan Collection code Home library Current library Date acquired Source of acquisition Total Checkouts Full call number Barcode Date last seen Price effective from Koha item type
    Dewey Decimal Classification     Colección Escolar Biblioteca Pública Metropolitana Salomé Ureña Biblioteca Pública Metropolitana Salomé Ureña 04/08/2016 Donación   372.83 L865s 7mo. 2008 Guía BPMSU16040239 04/08/2016 04/08/2016 Libros
    Dewey Decimal Classification     Colección Escolar Biblioteca Pública Metropolitana Salomé Ureña Biblioteca Pública Metropolitana Salomé Ureña 04/08/2016 Donación   372.83 L865s BPMSU16040241 04/08/2016 04/08/2016 Libros